| 000 | 01225cam a2200301 i 4500 | ||
|---|---|---|---|
| 001 | 200466689 | ||
| 003 | TR-AnTOB | ||
| 005 | 20251226111721.0 | ||
| 007 | ta | ||
| 008 | 251223s1975 tu 000 1 tur d | ||
| 040 |
_aSULEY _beng _erda _cSULEY _dTR-AnTOB |
||
| 041 | 0 | _atur | |
| 050 | 1 | 4 |
_aPL248.B89 _bB57 1975 |
| 090 |
_aPL248.B89 _bB57 1975 |
||
| 100 | 1 |
_aBüyükarkın, Bekir _d1921- _eauthor _972724 |
|
| 245 | 1 | 0 |
_aBir sel gibi / _cBekir Büyükarkın. |
| 250 | _aDördüncü baskı | ||
| 264 | 1 |
_aİstanbul : _bHakan Yayınevi, _c1975. |
|
| 300 |
_a400 pages ; _c20 cm |
||
| 336 |
_atext _btxt _2rdacontent |
||
| 337 |
_aunmediated _bn _2rdamedia |
||
| 338 |
_avolume _bnc _2rdacarrier |
||
| 520 | _aBu roman XVII. Yüzyıl Osmanlı İmparatorluğu'nun yirmi beş yıllık bir devresini canlandırmak için yazılmıştır. Olaylar sosyal, politik ve ekonomik yönden ele alınmış, bir romanın imkânları dahilinde devrin örf, âdet ve yaşantısına yer verilmiştir. Ayrıca "Bir Sel Gibi" olup olmamanın da romanıdır. | ||
| 650 | 7 |
_aTürk romanı _2etuturkob _99421 |
|
| 650 | 7 |
_aTarihi roman, Türk _2etuturkob _992341 |
|
| 942 |
_2lcc _cBK |
||
| 999 |
_c200466689 _d84901 |
||